Calculus and Analytical Geometry (For B.A/Bsc.Students) (Record no. 531083)
[ view plain ]
| 000 -LEADER | |
|---|---|
| fixed length control field | 00356nam a2200121Ia 4500 |
| 008 - FIXED-LENGTH DATA ELEMENTS--GENERAL INFORMATION | |
| fixed length control field | 191014s9999 xx 000 0 und d |
| 082 ## - DEWEY DECIMAL CLASSIFICATION NUMBER | |
| Classification number | 515.15 |
| Author Mark | TAL |
| 100 ## - MAIN ENTRY--PERSONAL NAME | |
| Personal name | Dr.M.N.M.Talpur |
| 9 (RLIN) | 20496 |
| 245 #0 - TITLE STATEMENT | |
| Title | Calculus and Analytical Geometry (For B.A/Bsc.Students) |
| 260 ## - PUBLICATION, DISTRIBUTION, ETC. | |
| Place of publication, distribution, etc. | Pakistan |
| Name of publisher, distributor, etc. | Abdus Salam at Ferozsons Pvt Ltd |
| Date of publication, distribution, etc. | 1982 |
| 300 ## - PHYSICAL DESCRIPTION | |
| Extent | Ix,489 |
| 942 ## - ADDED ENTRY ELEMENTS (KOHA) | |
| Koha item type | Book |
| Withdrawn status | Lost status | Damaged status | Not for loan | Permanent Location | Current Location | Date acquired | Source of acquisition | Cost, normal purchase price | Total Checkouts | Full call number | Barcode | Date last seen | Price effective from | Koha item type |
|---|---|---|---|---|---|---|---|---|---|---|---|---|---|---|
| School of Natural Sciences (SNS) | School of Natural Sciences (SNS) | 10/15/2019 | Donation | 0.00 | 515.15TAL | SNS0002860 | 10/15/2019 | 10/15/2019 | Book |
